Teorija dramy ot Gegelja do Marksa /

Hlavní autor: Anikst, Aleksandr Abramovič, 1910-1988
Jazyk: Ruština
Vydáno: Moskva : Nauka, 1983
Edice: Anikst, Aleksandr Abramovič, 1910- Istorija učenij o drame
Fyzický popis: 287 s.
Knihy
Uloženo v:
LEADER 00763nam a22002292a 4500
001 001103101
003 CZ BrMZK
005 20101103090442.0
007 ta
008 100623s1983 ru er|||||||||||rus d
040 |a BOA001  |b cze 
100 1 |a Anikst, Aleksandr Abramovič,  |d 1910-1988  |7 jn20000600273  |4 aut 
245 1 0 |a Teorija dramy ot Gegelja do Marksa /  |c Aleksandr Abramovič Anikst 
260 |a Moskva :  |b Nauka,  |c 1983 
300 |a 287 s. 
490 1 |a Istorija učenij o drame ;  |v 3 
504 |a Obsahuje bibliografii 
800 1 |a Anikst, Aleksandr Abramovič,  |d 1910-  |t Istorija učenij o drame 
910 |a BOA001  |b 2-0873.367 
990 |a BK 
991 |b 201006 
996 7 |b 2619816573  |c 2-0873.367  |l MZK  |r Sklad / do 1 hodiny  |n 0  |w 001129771  |u 000010  |a 1  |e BOA001  |j MZK50  |s A